000 00777cab a22001935a 4500
001 L158706
008 150626e20150613xxk 000 0 eng d
035 _a(Sirsi) u158706
041 0 _aeng
100 1 _aDollar, Peta
245 0 0 _aTaken notice
260 _c2015
490 _aEstates Gazette
_v(1523) 13 June 2015, 104-106(3)
520 _aExamines difficult issues under Section 5 notices of the Landlord and Tenant Act 1987 which are connected to a landlords wish to serve offer notices on tenants. For example, if a landlord served Section 5 notices and received a response from each of the qualifying tenants in a building can a proposed disposal still go ahead?
590 _aKA
651 4 _aUnited Kingdom
690 _aLandlord and tenant
_96252
942 _n0
999 _c84662
_d84662